| 000 | 00344nam a22001097a 4500 | ||
|---|---|---|---|
| 008 | 230626b xxu||||| |||| 00| 0 eng d | ||
| 082 |
_a328.33 _bIPU 1997 |
||
| 245 |
_aTowards Partnerships Between Men and Women in Politics _bNew Delhi, 14- 18 February 1997 |
||
| 260 |
_aGeneva _bInter-Parliamentary Union _c1997 |
||
| 300 | _a136p | ||
| 942 |
_2ddc _cBK |
||
| 999 |
_c2639 _d2639 |
||